Analýza stanovísk zákazníkov k jednotlivým prvkom prevádzkového procesu COOP Supermarket

Prezentácia výskumu dotaznikovou metódou zameraného na názor zákazníkov na cenovú úroveň COOP Supermarket Jednota. Vyhodnotenie stanovísk zákazníkov.

Enregistré dans:
Détails bibliographiques
Auteur principal: Strážovská, Ľubomíra
Autres auteurs: Strážovská, Helena
Format: Chapitre de livre
Langue:slovaque
Sujets:
Tags: Ajouter un tag
Pas de tags, Soyez le premier à ajouter un tag!

MARC

LEADER 00000naa$a2200000$$$4500
001 0025104
005 20240502071421.0
041 0 |a slo 
044 |a SK 
245 1 0 |a Analýza stanovísk zákazníkov k jednotlivým prvkom prevádzkového procesu COOP Supermarket  |c Ľubomíra Strážovská, Helena Strážovská 
520 |a Prezentácia výskumu dotaznikovou metódou zameraného na názor zákazníkov na cenovú úroveň COOP Supermarket Jednota. Vyhodnotenie stanovísk zákazníkov. 
610 2 0 |a dotazníky 
610 2 0 |a výskum štatistický 
610 2 0 |a zákazníci 
610 2 0 |a rozhodovanie 
610 2 0 |a konkurencia 
610 2 0 |a supermarkety 
610 2 0 |a potraviny 
610 2 0 |a sortiment obchodný 
610 2 0 |a predaj 
100 1 |a Strážovská, Ľubomíra 
700 1 |a Strážovská, Helena